00653nam a22001817a 450000500170000001000150001702000270003202000240005903500130008303700130009608200140010910000250012324501630014826000460031127000390035730000250039650000500042120150813112304.0 aENG-113515 c1350.00a9789351480341 c1350.00a9351480348 aEN-97047 bDBAD/PUB a266.00954 aKhandpekar, Neeta M. aThe Christian missionaries in coastal Maharastra :cby Neeta M. Khandpekarbencapsuling their historical, social, educational, medical & literary endeavours / aNew DelhibChristian World Imprintsc2015 aH-12 Bali NagarbNew Delhie110015 axxiv,374p.c24cm(Hb) aIncludes bibliographical references and index